Exposición retrospectiva de arte, 1908 (Record no. 61449)

MARC details
000 -LEADER
campo de control de longitud fija 01111nam a2200265 i 4500
001 - NÚMERO DE CONTROL
campo de control 61449
003 - IDENTIFICADOR DE NÚMERO DE CONTROL
campo de control ES-MaACL
005 - FECHA Y HORA DE LA ÚLTIMA TRANSACCIÓN
campo de control 20250928112601.0
007 - CAMPO FIJO DE DESCRIPCIÓN FÍSICA--INFORMACIÓN GENERAL
campo de control de longitud fija t|
008 - DATOS DE LONGITUD FIJA--INFORMACIÓN GENERAL
campo de control de longitud fija 031112s1910 sp ||||1| spa d
111 2# - ENTRADA PRINCIPAL--NOMBRE DE CONGRESO/REUNIÓN
Nombre de congreso/reunión o jurisdicción como elemento de entrada Exposicion Retrospectiva de Arte (
Fecha del congreso o de la firma del tratado 1908.
Sede del congreso/Lugar de la reunión Zaragoza)
9 (RLIN) 152608
245 10 - MENCIÓN DEL TÍTULO
Título Exposición retrospectiva de arte, 1908
Resto del título : organizada bajo los auspicios del arzobispo de Zaragoza /
Mención de responsabilidad, etc. introducción por Mariano de Pano y Ruata ; prólogo por Francisco de Paula Moreno ; texto histórico y crítico por Emile Bertaux.
250 ## - MENCION DE EDICION
Mención de edición [Ed. oficial].
260 ## - PUBLICACIÓN, DISTRIBUCIÓN, ETC.
Lugar de publicación, distribución, etc. Zaragoza :
Nombre del editor, distribuidor, etc. Real Junta del Centenario de los sitios de 1808- 1809,
Fecha de publicación, distribución, etc. 1910.
300 ## - DESCRIPCIÓN FÍSICA
Extensión 358 p. :
Otras características físicas il. ;
Dimensiones 33 cm.
650 #4 - PUNTO DE ACCESO ADICIONAL DE MATERIA--TÉRMINO DE MATERIA
Término de materia o nombre geográfico como elemento de entrada Arte-
Subdivisión de forma Exposiciones.
9 (RLIN) 156054
655 #7 - TERMINO DE INDIZACIÓN--GENERO/FORMA
Fuente del término tgfbne
9 (RLIN) 193628
Datos o término principal de género/forma Catálogos de exposiciones
700 1# - ENTRADA AGREGADA--NOMBRE PERSONAL
Nombre de persona Pano y Ruata, Mariano de,
Fechas asociadas al nombre 1847-1948
9 (RLIN) 88810
700 1# - ENTRADA AGREGADA--NOMBRE PERSONAL
Nombre de persona Moreno, Francisco de Paula.
9 (RLIN) 83278
700 1# - ENTRADA AGREGADA--NOMBRE PERSONAL
Nombre de persona Bertaux, Emile.
9 (RLIN) 28426
710 2# - ENTRADA AGREGADA--NOMBRE DE ENTIDAD CORPORATIVA
Nombre de entidad corporativa o nombre de jurisdicción como elemento de entrada Real Junta del Centenario de los Sitios de 1808-1809 (Zaragoza)
9 (RLIN) 6362
852 ## - LOCALIZACIÓN
Ubicación ES-MaACL
Número de control de estantería B-12021
942 ## - ELEMENTOS DE ENTRADA SECUNDARIOS (KOHA)
Fuente del sistema de clasificación o colocación Clasificación decimal universal
Holdings
Estatus retirado Estado de pérdida Estado de daño No para préstamo Biblioteca de origen Biblioteca actual Ubicación en estantería Fecha de adquisición Fuente de adquisición Total de préstamos Signatura topográfica completa Código de barras Visto por última vez Precio de reemplazo Tipo de ítem Koha
        Biblioteca del Ateneo de Madrid Biblioteca del Ateneo de Madrid Sala Pardo Bazán 17/01/2008     B-12021 1064433 23/02/2023 23/02/2023 Libro impreso